Jak jsem se (ne)stal agentem StB : fraška z občanského života

Saved in:
Bibliographic Details
Main Author Vaněček, Jan, 1946- (Author)
Format Book
LanguageCzech
Published Český Krumlov : J. Vaněček, 2004
Edition1. vyd.
Subjects
ISBN802393693X
Physical Description102 s. : il. ; 21 cm

Cover

LEADER 00000cam a2200000 a 4500
001 37523
003 CZ-ZlUTB
005 20190826000919.0
007 ta
008 050608s2004 xr a e 000 0bcze
020 |a 802393693X  |q (brož.) 
040 |a ABA001  |b cze  |d ZLD002 
043 |a e-xr---  |a e-cs--- 
045 |a x8y0 
072 7 |a 323  |x Vnitropolitický vývoj, politický život  |2 Konspekt  |9 15 
072 7 |a 929  |x Biografie  |2 Konspekt  |9 8 
080 |a 351.746.1  |2 MRF 
080 |a 351.746.1-021.111  |2 MRF 
080 |a 355.40-051  |2 MRF 
080 |a 343.101-021.191  |2 MRF 
080 |a (437.3)  |2 MRF 
080 |a (0:82-322.6)  |2 MRF 
100 1 |a Vaněček, Jan,  |d 1946-  |7 mzk2004261193  |4 aut 
245 1 0 |a Jak jsem se (ne)stal agentem StB :  |b fraška z občanského života /  |c Jan Vaněček 
250 |a 1. vyd. 
260 |a Český Krumlov :  |b J. Vaněček,  |c 2004 
300 |a 102 s. :  |b il. ;  |c 21 cm 
500 |a 1000 výt. 
600 1 7 |a Vaněček, Jan,  |d 1946-  |7 mzk2004261193  |2 czenas 
610 1 7 |a Československo.  |b Státní bezpečnost  |7 kn20020322223  |2 czenas 
655 7 |a autobiografické příběhy  |7 fd131891  |2 czenas 
650 0 7 |a zpravodajské služby  |7 ph127677  |z Československo  |2 czenas 
650 0 7 |a spolupracovníci tajných služeb  |7 ph196657  |z Československo  |2 czenas 
650 0 7 |a lustrace  |7 ph122462  |z Česko  |y 1989-  |2 czenas 
650 0 7 |a křivá obvinění  |7 ph158344  |2 czenas 
910 |a ZLD002 
952 |0 0  |1 0  |4 0  |6 35174VANĚČEKJ  |7 0  |8 BOOK  |9 83660  |a UTBZL  |b UTBZL  |c 030  |d 2008-06-13  |i 145  |l 0  |o 351.74/VANĚČEK,J.  |p 420010117468  |r 2019-08-26 00:00:00  |v 121.00  |w 2019-08-26  |x N:nákup | 20100831  |y 05 
992 |a BK  |b SK 
901 |f 1. vyd.  |o 20050517 
999 |c 37523  |d 37523